Album de paleografía hsipanoamericanoa de los siglos XVI y XVII /

En tres volúmenes se compila el album de paleografía hispanoamericana de los siglos XVI y XVII. El primer ejemplar, la introducción se compone de: Paleografía, definición y límites; Evolución de la escritura latina y española con anterioridad al siglo XV; La escritura española a partir del siglo XV;...

Szczegółowa specyfikacja

Zapisane w:
Opis bibliograficzny
1. autor: Millares Carlo, Agustín (autor)
Kolejni autorzy: Mantecón Navasal, José Ignacio (autor) (autor)
Format: Książka
Język:hiszpański
Wydane: México: Instituto Panamericano de Geografía e Historia, Comisión de Historia, 1955, c1955
Seria:(Manuales de Técnica de la Investigación de la Historia y Ciencias Afines ; 3)
Hasła przedmiotowe:
Etykiety: Dodaj etykietę
Nie ma etykietki, Dołącz pierwszą etykiete!

MARC

LEADER 00000nam^a2200000^a^4500
001 000159226
005 20250521000000.0
009 20260310100641.407
037 |a Acervo ITESO - Biblioteca 
041 |a ESP 
082 |a 404. 9  |b MIL 
100 |a Millares Carlo, Agustín  |e (autor) 
245 1 0 |a Album de paleografía hsipanoamericanoa de los siglos XVI y XVII /  |c A. Millares Carlo, J.I. Mantecón Navasal. 
264 4 |a México:  |b Instituto Panamericano de Geografía e Historia, Comisión de Historia,  |c 1955, c1955 
300 |a 3 v. (X, 187, XCIII, XVI, 132 p.) 
336 |a texto  |b txt  |2 rdacontenido 
337 |a sin mediación  |b n  |2 rdamedio 
338 |a volumen  |b nc  |2 rdasoporte 
440 |a (Manuales de Técnica de la Investigación de la Historia y Ciencias Afines ;  |v 3) 
520 |a En tres volúmenes se compila el album de paleografía hispanoamericana de los siglos XVI y XVII. El primer ejemplar, la introducción se compone de: Paleografía, definición y límites; Evolución de la escritura latina y española con anterioridad al siglo XV; La escritura española a partir del siglo XV; La escritura colonial hispnoamericana. El segundo volumen es una compilación de 93 láminas facsimilares de documentos que datan desde 1176 hasta 1643 y que se refieren a asuntos de la vida cotidiana de las comunidades de origen como fueron los escritos de donaciones a conventos; La recaudación del rey en el arzobispado de Toledo; Aprensión de delincuentes ; Testamentos; Fundaciones de ciudades, así como proceso judiciales, entre otros. Finalmente, el tercer documento lo componen las transcripciones de los 93 fascimilares compilados en el volumen 2. 
649 |a XX 
650 |a Paleografía Española -  |x Historia -  |y Siglo XVI 
650 |a Paleografía Española -  |x Historia -  |y Siglo XVII 
650 |a Paleografía Americana -  |x Historia -  |y Siglo XVI 
650 |a Paleografía Americana -  |x Historia -  |y Siglo XVII 
650 |a Diplomacia -  |z España -  |x Historia -  |y Siglo XVI 
650 |a Diplomacia -  |z España -  |x Historia -  |y Siglo XVII 
650 |a Diplomacia -  |z América -  |x Historia -  |y Siglo XVI 
650 |a Diplomacia -  |z América -  |x Historia -  |y Siglo XVII 
650 |a Español en España -  |x Historia -  |y Siglo XVI 
650 |a Español en España -  |x Historia -  |y Siglo XVII 
650 |a Español en América -  |x Historia -  |y Siglo XVI 
650 |a Español en América -  |x Historia -  |y Siglo XVII 
650 |a Lenguas Indo-Europeas -  |x Historia 
650 |a Lenguaje y Lenguas -  |z España -  |x Historia 
650 |a Lenguas -  |z América -  |x Historia 
650 |a Manuscritos -  |z España -  |x Historia -  |y Siglo XVI 
650 |a Manuscritos -  |z España -  |x Historia -  |y Siglo XVII 
650 |a Manuscritos -  |z América -  |x Historia -  |y Siglo XVI 
650 |a Manuscritos -  |z América -  |x Historia -  |y Siglo XVII 
650 |a Alfabetos -  |z España -  |x Historia -  |y Siglo XVI 
650 |a Alfabetos -  |x España -  |x Historia -  |y Siglo XVII 
650 |a Alfabetos -  |z América -  |x Historia -  |y Siglo XVI 
650 |a Alfabetos -  |z América -  |x Historia -  |y Siglo XVII 
650 |a Abreviaturas -  |z España -  |x Historia -  |y Siglo XVI 
650 |a Abreviaturas -  |z España -  |x Historia -  |y Siglo XVII 
650 |a Abreviaturas -  |z América -  |x Historia -  |y Siglo XVI 
650 |a Abreviaturas -  |z América -  |x Historia -  |y Siglo XVII 
650 |a Caligrafía -  |z España -  |x Historia -  |y Siglo XVI 
650 |a Caligrafía -  |z España -  |x Historia -  |y Siglo XVII 
650 |a Caligrafía -  |z América -  |x Historia -  |y Siglo XVI 
650 |a Caligrafía -  |z América -  |x Historia -  |y Siglo XVII 
650 |a Comunicación Escrita -  |z España -  |x Historia -  |y Siglo XVI 
650 |a Comunicación Escrita -  |z España -  |x Historia -  |y Siglo XVII 
650 |a Comunicación Escrita -  |z América -  |x Historia -  |y Siglo XVI 
650 |a Comunicación Escrita -  |z América -  |x Historia -  |y Siglo XVII 
650 |a Comunicación Verbal -  |z España -  |x Historia -  |y Siglo XVI 
650 |a Comunicación Verbal -  |z España -  |x Historia -  |y Siglo XVII 
650 |a Comunicación Verbal -  |z América -  |x Historia -  |y Siglo XVI 
650 |a Comunicación Verbal -  |z América -  |x Historia -  |y Siglo XVII 
650 |a Morfología 
650 |a Sintaxis 
650 |a Gramática 
650 |a Semiótica 
650 |a Lingüística 
650 |a Prácticas Culturales -  |z España -  |x Historia -  |y Siglo XVI 
650 |a Prácticas Culturales -  |z España -  |x Historia -  |y Siglo XVII 
650 |a Prácticas Culturales -  |z América -  |x Historia -  |y Siglo XVI 
650 |a Prácticas Culturales -  |z América -  |x Historia -  |y Siglo XVII 
650 |a España -  |x Historia -  |y Siglo XVI 
650 |a España -  |x Historia -  |y Siglo XVII 
650 |a América -  |x Historia -  |y Siglo XVI 
650 |a América -  |x Historia -  |y Siglo XVI 
650 |a Latinoamérica -  |x Historia 
700 |a Mantecón Navasal, José Ignacio  |e (autor) 
910 |a Fondo Salvador Reynoso Reynoso 
920 |a Impresos - Libros 
930 |a Fondos Especiales 
905 |a 112 
901 |a 0500090266  |b IT2  |c ESP  |u 20250521 
901 |a 0500091030  |b IT2  |c ESP  |u 20250521 
901 |a 0500090323  |b IT2  |c ESP  |u 20250521 
902 |a https://opac.biblio.iteso.mx/vufind/Record/000159226